| 000 | 00799cam a22002411 4500 | ||
|---|---|---|---|
| 001 | ca 36001662 | ||
| 003 | DLC | ||
| 005 | 20260227111144.0 | ||
| 008 | 790111s1934 ohua 000 0 eng | ||
| 010 | _aca 36001662 | ||
| 035 | _a(OCoLC)4542617 | ||
| 040 |
_aDLC _cOk _dDLC |
||
| 042 | _apremarc | ||
| 050 | 0 | 0 |
_aPN4305.S4 _bT4 |
| 082 | _a371.2812 | ||
| 100 | 1 | _aTenney, Walter Aldrich. | |
| 245 | 1 | 4 |
_aThe light of truth, _ba high school graduation ritual, _cby Walter Aldrich Tenney and a committee of the McClymonds high school faculty. |
| 260 |
_aFranklin, Ohio, _aDenver, Colo., _bEldridge Entertainment House, Inc., _cc1934. |
||
| 300 |
_a24 p. _billus. _c19 cm. |
||
| 490 | 0 | _aEldridge special day material | |
| 500 | _aMusic: p. 23-24. | ||
| 650 | 0 |
_aSchools _xExercises and recreations. |
|
| 999 |
_c18342 _d18342 |
||